Toy by Inventor and Origins Quiz Stats

Quiz Updated Jun 10, 2016

Also try: Name the Toy
Challenge
Share
Tweet
Embed
Score 0/20 Timer 05:00
0 Plays Today
Inventor and origins Game or Toy % Correct
Erno Rubik: originally called the 'Magic Cube'Rubik's Cube
86.5%
Anthony Ernest Pratt: originally called ‘Murder’Clue
86%
Ruth Handler: (co-founder of Mattel) named after her daughter BarbaraBarbie Doll
82.7%
Lizzie Magie (not Charles Darrow): originally called 'The Landlord's Game'Monopoly
81.7%
Richard Knerr and Arthur 'Spud' Melin: idea from Australian bamboo 'exercise hoops'Hula Hoop
78.8%
Milton Bradley: originally called 'The Checkered Game of Life'The Game of Life
76.1%
Aborigines: originally Aboriginal hunting weaponBoomerang
74%
Edwin S. Lowe: a development of earlier dice games such as Yacht and GeneralaYahtzee
72.9%
Ole Kirk Christiansen and son: from the Danish phrase 'leg godt', which means 'play well'LEGO
71.7%
Satoshi Tajiri: originally Game Boy game called 'Pocket Monsters'Pokémon
67.9%
Inventor and origins Game or Toy % Correct
Lonnie Johnson: originally called the 'Power Drencher'Super Soaker
62.9%
Morris Michtom: originally inspired by Theodore RooseveltTeddy Bear
60.2%
Xavier Roberts: originally called 'Little Person' dollsCabbage Patch Kids
46.4%
N. and J. McVicker: originally designed to remove coal residue from wallpaperPlay Doh
41.8%
Alfred Butts: originally called 'Lexiko'Scrabble
41.8%
Richard James: from the Swedish word 'traespiral' meaning - sleek or sinuousSlinky
37.1%
George Lerner: originally called 'Make a face'Mr Potato Head
36.8%
Walter Frederick Morrison: originally called the 'Pluto Platter'Frisbee
33.3%
Arthur Granjean: originally called 'L'Ecran Magique'Etch A Sketch
30%
Michael Faraday: originally for experiments with hydrogen at London's Royal InstitutionBalloon (Rubber)
28.9%

You're not logged in!

Compare scores with friends on all Sporcle quizzes.
Sign Up with Email
OR
Log In

You Might Also Like...

Show Comments

Extras

Top Quizzes Today


Score Distribution

Your Account Isn't Verified!

In order to create a playlist on Sporcle, you need to verify the email address you used during registration. Go to your Sporcle Settings to finish the process.